000 00454nam a2200181Ia 4500
001 21414
005 20260306172917.0
008 260306t2020||||xx |||||||||||||| ||spa||
041 _aESP
082 _a344.83
_bZ95
100 _aZúñiga Rodríguez, Laura
_eAUT
245 0 _aResponsabilidad penal de directivos y de empresas
260 _c2020
300 _a238 páginas :
_c25 cm.
650 _aGEN
654 _aCDE
942 _cLIB
_dJUS
_fJUS
_2ddc
_n
999 _c21414
_d21414